Quizzes
Events
Quiz Creation
Community
Videos
Private Events
Remove Ads
Sign In
Join for FREE
Feedback
Dark Mode
Quiz Categories
Sports
Geography
Music
Movies
Television
Just For Fun
Miscellaneous
History
Literature
Language
Science
Gaming
Entertainment
Religion
Holiday
For Kids
Quiz Lab
Recent
Popular Today
Quiz Kudos Today
Editor Picks
Curator Picks
Quizzes by...
Day
Popularity
Type
Ratings
Length
Year
Community
Subscriptions
Recent Discussions
Orange Saloon
Badges
Playlists
Quests
Create
Leaderboards
Showdown
Live 5
Trivia Bingo
Activity
Puzzle Library
Sporcle Events
Private Events
Virtual Trivia
Globe League
Become a Host
Pub Owners
SporcleCon
Opinionation
Our Games
Videos
Blog
Mobile Apps
Partnerships
Remove Ads and Go Orange
Feedback
Sports
Athletes
MLB
NBA
NHL
NFL
Soccer
Sports Teams
WWE
NCAA
Football
Premier League
Basketball
Baseball
Hockey
Golf
Tennis
Cricket
Rugby
Auto Racing
Olympics
World Cup
Sports
Athletes
MLB
NBA
NHL
NFL
Soccer
Sports Teams
WWE
NCAA
Football
Premier League
Basketball
Baseball
Hockey
Golf
Tennis
Cricket
Rugby
Auto Racing
Olympics
World Cup
Random Quiz
Search Sporcle
×
Quiz Lab
Quiz Lab
Sports
Football
Type in answers that appear in a list
Type in answers that appear in a list
Classic
Best Score? Go Orange.
Find the hidden quarterback names (2016 edition) Stats
18 NFL Quarterback's names are hidding in the sentences below. Can you find them?
By
username316
8m
19 Questions
344 Plays
344 Plays
344 Plays
Comments
Comments
Give Quiz Kudos
Give Quiz Kudos
-
- Ratings
hide this ad
More Info
Forced Order
Answers have to be entered in order
Answers have to be entered in order
Replay
Link that replays current quiz
Next Quiz
Link to next quiz in quiz playlist
You Got
0%
They Got
Avg Score
46%
Avg Friend Score
Upgrade to see
Score Distribution
Jump to the score distribution portion of the page
Score
0/19
Timer
08:00
0
Plays Today
Hint
NFL Quarterback
% Correct
The city council agreed to build a levee along the river so flooding could be averted in the future.
Philip Rivers
84.3%
The Speaker of the House, Paul Ryan, is a representative from his home state of Wisconsin.
Matt Ryan
71.8%
The bomber’s tail gunner was manning his post when the fighter planes arrived in attack formation.
Eli Manning
66.9%
Once the staff ordinance was in place, no wizard could carry one longer than six feet, or thicker than one inch diameter.
Matthew Stafford
62.8%
The Star Trek fans of Louisville, Kentucky, wanted to rename the city as Jean-
Luc, KY. Unfortunately for them, their city was not renamed for Captain Piccard.
Andrew Luck
61%
“Aaah!” She screamed when she saw the newt on her bed. Fortunately it was harmless.
Cam Newton
55.2%
The Cleveland Cavaliers basketball team wins tons more often, now that Lebron James has returned from Miami.
Jameis Winston
53.2%
Francis Brad owns both the Brad Ford and Brad Honda dealerships.
Sam Bradford
52.3%
Saint Germaine Cousin suffered much in this life, but loved God so much that she was named a saint by Pope Pius IX.
Kirk Cousins
50.6%
The advertisement said that with red bra dye, she could turn her white bras to red. But she really had no interesting in doing that.
Tom Brady
45.3%
Hint
NFL Quarterback
% Correct
After marrying Scott, Brenda evaluated her life in the pre-
Scott era, compared to the post-
Scott era.
Dak Prescott
42.2%
Peppa Pig’s friend Rebecca Rabbit loves to eat carrots.
David Carr
38.4%
Pippin’s pal Merry, joined Frodo and Sam on the journey from the Shire to Rivendale, where the fate of the ring would be decided.
Carson Palmer
36.9%
The CSX train carried much more intermodal tonnage than dozens of semi trucks.
Andy Dalton
36.4%
G.K. Chesterton’s Father Brown story “The Hammer of God” was named for a blacksmith’s hammer.
Alex Smith
35.8%
After a messy mishap in the previous semester, Mr Thompson decided to abort lessons in his biology class which involved dissecting frogs.
Blake Bortles
27.6%
After their local team won a second national title, the police were called to calm a riot again.
Marcus Mariota
26.2%
His twenty year old Honda Accord went zero to sixty in just under eight seconds.
Carson Wentz
23.3%
The peasant asked, “Can you stay, Lord?” But the king declined the offer, and returned to his castle.
Tyrod Taylor
16.3%
Quiz Playlist
Details
Report
Send in Message
Add To Playlist
More Info:
Ignoring all spaces and punctuation, the last names of NFL quarterbacks are hidden in the sentences below.
Classic:
Type in answers that appear in a list
Forced Order:
Answers have to be entered in order
Last Updated: Jul 7, 2017
Quiz Scoreboard
CHALLENGE
Sign Up to Join the Scoreboard
Show All
Scores
Hide
Comments
May contain spoilers
Recently Published
College Basketball Coaching Resumes
by pancakes188
Sports
9m
Billboard Blitz: Fleetwood Mac
by CooCooCachoo
Music
15s
Presidents Visiting Landmarks
by Hejman
History
7m
More to Explore
Quiz From the Vault
Featured Blog Post
Where Did the Easter Bunny Come From?
hide this ad
You Might Also Like...
Tags
Football Quiz
NFL Quiz
NFL Player
Quarterbacks
Team Quarterbacks
Today's Top Quizzes in Sports
Browse Sports
hide this ad
Today's Top Quizzes in Football
Browse Football
Top Contributed Quizzes in Sports
1
Les meilleurs buteurs des matchs entre le PSG et l’OM
2
2022 World Cup Stars
3
FIFA Club World Cup Champions
4
Les entraîneurs de l'OM et du PSG au 21e siècle
5
Criteria MLB: Left Handed Sluggers
6
AFC Teams Reveal (Wrong Answers Minefield)
7
5-to-1: UK Sports Teams
8
Name the Premier League winners with different clubs
9
5-to-1: FBS Animal Nicknames
10
Players with Multiple 50 Home Run Seasons
Explore More
Trending Topics
Kpop
Harry Potter
Disney
NBA
Marvel
Anime
Crossword
WWE
Country
The Office
Puzzle
Pokémon
NFL
Song
Soccer
hide this ad
More By:
username316
Quiz
Plays
Rating
Category
Featured
Created
Thomas the Train logic game
3,604
3.25
Just For Fun
Jun 16, 2016
2017 NFL Draft First Round Matchup
2,951
4.50
Sports
May 24, 2017
Cincinnati Bengals QB Logic Quiz
2,371
3.25
Sports
Jun 20, 2016
Cincinnati Bengals Second Round Running Backs
2,072
5.00
Sports
May 15, 2017
Match Up: # of Cincinnati Bengals Draft Picks & College
2,021
2.00
Sports
Apr 20, 2016
Go to Creator's Profile
Score Distribution
Quiz Creator Spotlight
username316
Follow
Send a Message
Quizzes Created
-
Created Quiz Play Count
-
More By This Creator
Popular Quizzes Today
1
Find the US States - No Outlines Minefield
2
Find the Countries of Europe - No Outlines Minefield
3
The Countries of the World
4
Find the US States
5
Risky Map Clicking: Biggest States A-Z
6
US States
7
Popular People in 1961
8
Movies - When Are They Set?
More Sports Quizzes
Top 50 Premier League Scorers (2010-2015)
Quiz Lab
Trending Quizzes
Risky Map Clicking: Least Populous States A-Z
1-10 Letter G Words
1-10 Letter F Words
Risky Map Clicking: Next State Alphabetically
Click the Washington State Counties! (Map)
Recently Updated
Leaping Animals
pecheneg
Reality TV Shows (A-Z)
bhenderson79
Rickey Henderson's Hall of Fame Teammates
pecheneg
Champions League XIs: Arsenal
pecheneg
Quick Pick: Celebrities in WWE's Hall of Fame
aduchscher
A-Z Keypad Blitz II
pecheneg
Multiple Oscar Actors
pecheneg
Mystery Phrase Blitz: Oscar 'Best Actors'
pecheneg
F. Scott Fitzgerald Novels
LTH
Pick 3 Villains
ddd62291
Trending Topics
Kpop
Anime
Crossword
Disney
Marvel
NBA
Harry Potter
Pokémon
Soccer
Puzzle
The Office
WWE
NFL
Song
Country
Your Account Isn't Verified!
In order to create a playlist on Sporcle, you need to verify the email address you used during registration. Go to your
Sporcle Settings
to finish the process.
Report this User
Report this user for behavior that violates our
Community Guidelines
.
Details:
Send Report
Go to the Sporcle.com Mobile Site →
Comments